=LDR 00000nam 2200000 4500 =001 INLIS000000000044484 =005 20131008105929 =008 ***********************************Ind** =035 ##$$0010-101300000002406 =041 ##$$a Ind =082 ##$$a 621.313 =090 ##$$a 621.313 , Kel m =100 ##$$a Kelly =245 ##$$a Membuat Mesin Tetas Elektronik , Kelly, S =260 ##$$a 1994 $b Yogyakarta =850 ##$$a NBPNMAT